Coste, producción y mantenimiento de maquinaria para construcción / (Registro nro. 3767)
[ vista simple ]
| 000 -LEADER | |
|---|---|
| fixed length control field | 00890nam a22002537a 4500 |
| 003 - CONTROL NUMBER IDENTIFIER | |
| control field | PE SENCICO BE |
| 005 - DATE AND TIME OF LATEST TRANSACTION | |
| control field | 20251020182624.0 |
| 008 - FIXED-LENGTH DATA ELEMENTS--GENERAL INFORMATION | |
| fixed length control field | 230111b |||||||| |||| 00| 0 eng d |
| 020 ## - INTERNATIONAL STANDARD BOOK NUMBER | |
| International Standard Book Number | 978-84-9048-301-5 |
| 040 ## - CATALOGING SOURCE | |
| Original cataloging agency | PE SENCICO BE |
| Transcribing agency | PE SENCICO BE |
| 041 ## - LANGUAGE CODE | |
| Language code of text/sound track or separate title | spa |
| 082 ## - DEWEY DECIMAL CLASSIFICATION NUMBER | |
| Classification number | 658.202 |
| Item number | Y84 |
| 100 1# - MAIN ENTRY--PERSONAL NAME | |
| 9 (RLIN) | 439 |
| Personal name | Yepes Piqueras, Víctor |
| 245 1# - TITLE STATEMENT | |
| Title | Coste, producción y mantenimiento de maquinaria para construcción / |
| Statement of responsibility, etc. | Victor Yepes Piqueras |
| 250 ## - EDITION STATEMENT | |
| Edition statement | [1a ed.] |
| 260 ## - PUBLICATION, DISTRIBUTION, ETC. | |
| Place of publication, distribution, etc. | Valencia : |
| Name of publisher, distributor, etc. | Universitat Politécnica de Valéncia, |
| Date of publication, distribution, etc. | 2015 |
| 300 ## - PHYSICAL DESCRIPTION | |
| Extent | 155 p. : |
| Other physical details | diagrs.; |
| Dimensions | 24 cm. |
| 650 14 - SUBJECT ADDED ENTRY--TOPICAL TERM | |
| 9 (RLIN) | 440 |
| Topical term or geographic name entry element | Mantenimiento de máquinas |
| 650 24 - SUBJECT ADDED ENTRY--TOPICAL TERM | |
| 9 (RLIN) | 417 |
| Topical term or geographic name entry element | Industria de la construcción |
| 650 24 - SUBJECT ADDED ENTRY--TOPICAL TERM | |
| 9 (RLIN) | 417 |
| Topical term or geographic name entry element | Industria de la construcción |
| Form subdivision | Presupuestos |
| 650 24 - SUBJECT ADDED ENTRY--TOPICAL TERM | |
| 9 (RLIN) | 441 |
| Topical term or geographic name entry element | Gestión del mantenimiento |
| 910 ## - USER-OPTION DATA (OCLC) | |
| -- | hfp |
| -- | hfp |
| 942 ## - ADDED ENTRY ELEMENTS (KOHA) | |
| Source of classification or shelving scheme | Dewey Decimal Classification |
| Koha item type | Libros |
| Classification part | 658.202 |
| Item part | Y84 |
| Fecha de la última vez que lo usaron | Número de ingreso o de inventario | Pago total | Signatura topográfica completa | Precio efectivo desde | Tipo de documento | Estado perdido | Sistema de clasificación | Estado dañado | No es para préstamo | Retirado | Ubicación permanente | Ubicación actual | Fecha de adquisición |
|---|---|---|---|---|---|---|---|---|---|---|---|---|---|
| 11/01/2023 | 16171 | 658.202/Y84 | 11/01/2023 | Libros | Dewey Decimal Classification | Biblioteca Central Lima | Biblioteca Central Lima | 11/01/2023 |